|
|
|
|
| LEADER |
00000cam a2200000 a 4500 |
| 001 |
TAD-454 |
| 005 |
20230308193702.0 |
| 008 |
000000|1999 ||||||||r|||||||||||spa|| |
| 040 |
|
|
|b spa
|
| 041 |
1 |
|
|a spa
|
| 245 |
|
|
|a Planeación y manejo de inventarios en el sector comercio: Distribuidora Super Mónica 2, 1998
|c Sandra Encalada O. y Mónica Espinoza P. Director Mario González Portilla
|h dact
|
| 264 |
|
|
|a Cuenca
|c 1999
|
| 300 |
|
|
|a 104 páginas:
|b tab
|c 30 cm
|
| 502 |
|
|
|a Ingeniero Comercial
|b Universidad de Cuenca
|c eco
|d González Portilla, Mario, dir.
|e ADMINISTRACION DE EMPRESAS
|
| 504 |
|
|
|a incl. ref.
|
| 650 |
|
0 |
|a Tesis en Administración de Empresas
|9 1126
|
| 650 |
|
4 |
|a Planeación
|9 7752
|
| 650 |
|
|
|a Manejo
|9 144186
|
| 650 |
|
|
|a Inventarios comeriales
|9 144187
|
| 650 |
|
|
|a Sector comercial
|9 111383
|
| 650 |
|
|
|a Distribuidora super monika 2
|9 144188
|
| 700 |
1 |
|
|a Encalada O., Sandra
|e coautor
|9 144189
|
| 700 |
1 |
|
|a Espinoza páginas:, Mónica
|e coautor
|9 236063
|
| 852 |
|
|
|a UC-CDJBV
|c CUARTO PISO (SECCION TESIS)
|f Donación
|k sara.alvarado
|l 1
|m Limitada
|p 00000000
|q 1.00
|t TAD-454
|y 89963
|b 1
|d CDRC
|e CDRC
|g CUARTO PISO (SECCION TESIS)
|z 0000-00-00
|
| 942 |
|
|
|c TS
|
| 999 |
|
|
|c 83821
|d 83821
|